000 00724nam a2200229Ia 4500
005 20260430150730.0
008 008 250103s9999 xx 000 0 hin d
037 _aTheses
040 _aCRL
040 _bhin
040 _chin
041 _2hin
041 _ahin
084 _qCRL
100 _aरक्षा, ले.
_9864639
245 0 _aजायसी के काव्य में मध्यकालीन बोध के स्वरूप का अध्ययन
260 _c2021
300 _a333पृ0
700 _aदिल्ली विश्वविद्यालय. कला संकाय. हिन्दी विभाग
942 _cTH
999 _c1850505
_d1850505